[Event "Barcelona La Lira op 12th"]
[Site "Barcelona"]
[Date "2019.06.06"]
[Round "9"]
[White "Navarro Oliva, Ivan Tomas"]
[Black "Arcas Lopez, Josep Antoni"]
[Result "1-0"]
[WhiteElo "1426"]
[BlackElo "1700"]
[PlyCount "47"]
[EventDate "2019.04.04"]
[EventType "swiss"]
[EventRounds "9"]
[EventCountry "ESP"]
[SourceTitle "CBM 190 Extra"]
[Source "ChessBase"]
[SourceDate "2019.07.15"]
[SourceVersion "1"]
[SourceVersionDate "2019.07.15"]
[SourceQuality "1"]

1. e4 e5 2. Nc3 Nf6 3. g3 d5 4. exd5 Nxd5 5. Nge2 Bg4 6. Bg2 Nxc3 7. bxc3 c6 8. 0-0 Bd6 9. h3 Be6 10. d3 0-0 11. f4 Nd7 12. c4 Qc8 13. f5 Bc5+ 14. Kh1 Bxc4 15. dxc4 Nb6 16. Qd3 Rd8 17. Qe4 Bd4 18. c3 Bc5 19. Qxe5 Bd6 20. Qe4 Re8 21. Qf3 Nxc4 22. Qd3 Ne5 23. Qxd6 Nc4 24. Qd3 1-0

[Event "Barcelona La Lira op 12th"]
[Site "Barcelona"]
[Date "2019.05.30"]
[Round "8"]
[White "Aubeso Duch, Miquel"]
[Black "Navarro Oliva, Ivan Tomas"]
[Result "0-1"]
[WhiteElo "1284"]
[BlackElo "1426"]
[PlyCount "64"]
[EventDate "2019.04.04"]
[EventType "swiss"]
[EventRounds "9"]
[EventCountry "ESP"]
[SourceTitle "CBM 190 Extra"]
[Source "ChessBase"]
[SourceDate "2019.07.15"]
[SourceVersion "1"]
[SourceVersionDate "2019.07.15"]
[SourceQuality "1"]

1. c4 Nf6 2. Nc3 c6 3. g3 e6 4. Bg2 Be7 5. Nf3 d5 6. b3 Nbd7 7. 0-0 Nf8 8. d3 Ng6 9. Bg5 0-0 10. Bxf6 Bxf6 11. d4 Qa5 12. Qc1 e5 13. e3 Bg4 14. Ne1 exd4 15. Nd1 Bxd1 16. Qxd1 dxe3 17. Rc1 exf2+ 18. Rxf2 dxc4 19. bxc4 Rfd8 20. Nd3 Bd4 21. Qe2 Bxf2+ 22. Nxf2 Rd2 23. Qf1 Rxa2 24. h3 Rd8 25. Ne4 Qe5 26. c5 Qd4+ 27. Kh2 Qxe4 28. Kg1 Qe3+ 29. Kh1 Qxg3 30. Qg1 Nh4 31. Qh2 Qxg2+ 32. Qxg2 Rxg2 0-1

[Event "Barcelona Primavera La Lira op 11th"]
[Site "Barcelona"]
[Date "2018.06.07"]
[Round "9"]
[White "Navarro Oliva, Ivan Tomas"]
[Black "Cervera Lopez, Miguel"]
[Result "1/2-1/2"]
[WhiteElo "1522"]
[BlackElo "1598"]
[PlyCount "146"]
[EventDate "2018.04.12"]
[EventType "swiss"]
[EventRounds "9"]
[EventCountry "ESP"]
[SourceTitle "CBM 184 Extra"]
[Source "ChessBase"]
[SourceDate "2018.06.28"]
[SourceVersion "1"]
[SourceVersionDate "2018.06.28"]
[SourceQuality "1"]

1. e4 c5 2. Nc3 Nc6 3. g3 Nf6 4. Bg2 d6 5. f4 e5 6. d3 Nd4 7. Nf3 h6 8. 0-0 Bg4 9. Ne2 Qc8 10. c3 Nxe2+ 11. Qxe2 Be7 12. f5 Nh5 13. Qf2 Bxf3 14. Qxf3 Nf6 15. h3 Qc6 16. g4 0-0-0 17. Be3 Kb8 18. a4 h5 19. g5 Nh7 20. h4 f6 21. g6 Nf8 22. a5 Nd7 23. Qd1 b5 24. axb6 Nxb6 25. Qb3 Qb7 26. Ra2 Nc8 27. Qxb7+ Kxb7 28. Rfa1 Rd7 29. Bf3 Ka8 30. c4 Rb7 31. Bd1 Nb6 32. Rb1 Rhb8 33. b3 Rh8 34. Bd2 Kb8 35. Rba1 Nc8 36. Ba5 Bd8 37. Rb1 Bxa5 38. Rxa5 Rb4 39. Rba1 Kb7 40. R1a4 Rxa4 41. Rxa4 Kb6 42. b4 a6 43. Kf2 Na7 44. bxc5+ dxc5 45. Ke3 Nc6 46. Ra1 Nb4 47. Bb3 Rd8 48. Rd1 Rd4 49. Rd2 Rd8 50. Bd1 Rh8 51. Rb2 Rd8 52. Rb3 a5 53. Kd2 Ka6 54. Ra3 Nc6 55. Ra1 Nb4 56. Be2 Nc6 57. Rh1 Rh8 58. Bd1 Nb4 59. Ba4 Rd8 60. Rh3 Kb6 61. Bd1 Rh8 62. Bc2 Rd8 63. Rh1 Ka6 64. Rb1 Kb6 65. Kc3 Ka6 66. Rb2 Kb6 67. Bb1 Ka6 68. Rd2 Kb6 69. Kb3 Ra8 70. Ka4 Rd8 71. Rb2 Kc6 72. Rb3 Kb6 73. Bc2 Kc6 1/2-1/2

[Event "Barcelona Tardor op 2nd"]
[Site "Barcelona"]
[Date "2014.10.20"]
[Round "3"]
[White "Navarro Oliva, Ivan Tomas"]
[Black "Montero Domenech, Felix"]
[Result "1/2-1/2"]
[WhiteElo "1700"]
[BlackElo "1926"]
[PlyCount "89"]
[EventDate "2014.10.06"]
[EventType "swiss"]
[EventRounds "8"]
[EventCountry "ESP"]
[SourceTitle "EXT 2016"]
[Source "ChessBase"]
[SourceDate "2015.10.08"]
[SourceVersion "1"]
[SourceVersionDate "2015.10.08"]
[SourceQuality "1"]

1. e4 g6 2. Nf3 d6 3. Bc4 Bg7 4. d4 Nf6 5. Nbd2 0-0 6. 0-0 Nbd7 7. b4 a6 8. Bb2 b5 9. Bb3 c6 10. a3 a5 11. c4 bxc4 12. Nxc4 axb4 13. axb4 Rxa1 14. Qxa1 d5 15. exd5 cxd5 16. Ncd2 Qb6 17. Bc3 Bb7 18. Re1 Ra8 19. Qb2 e6 20. Ra1 Rxa1+ 21. Qxa1 Nb8 22. Ne5 Bf8 23. Qa5 Qxa5 24. bxa5 Ne8 25. Ba4 Nd6 26. f3 f6 27. Nd7 Nxd7 28. Bxd7 Kf7 29. Kf2 Ke7 30. Ba4 Kd8 31. Bb4 e5 32. Bc5 Be7 33. Bb6+ Kc8 34. Bc5 Nf5 35. Nb3 Bd8 36. g4 Ng7 37. Bb5 Ne6 38. a6 Ba8 39. dxe5 Nxc5 40. Nxc5 Bb6 41. exf6 Bxc5+ 42. Ke2 Kc7 43. f7 Bc6 44. Bxc6 Kxc6 45. a7 1/2-1/2